|
|
|
|
| LEADER |
01448nam a2200301 a 4500 |
| 001 |
GR-Patra19593 |
| 008 |
060613s1989 gr gi 000 0 gre d |
| 040 |
|
|
|a GrPaTEI
|b gre
|c GR-PaULI
|
| 040 |
|
|
|a GrPaTEI
|b gre
|c GR-PaULI
|
| 082 |
|
0 |
|a 910.9
|2 21
|
| 110 |
2 |
|
|a National Geographic Society
|
| 245 |
1 |
0 |
|a Ηφαίστειο =
|b Volcano : νιώστε απο κοντά το καταστροφικό μεγαλείο του εκρηκτικού θεάματος της φύσης ; Σενάριο και παραγωγή: Michael Rosenfeld.
|
| 260 |
|
|
|a [Washington D.C.] :
|b National Geographic Society
|a Αθήνα :
|b Διανομή: Home Video Hellas,
|c c1989
|
| 300 |
|
|
|a 1 βιντεοκασέτα (60 λεπτ) ομιλ., έγχρ., 1/2 ίν.
|
| 490 |
1 |
|
|a National Geographic Video. 25
|
| 650 |
|
0 |
|a Discoveries in geography
|
| 650 |
|
0 |
|a Volcanoes
|
| 650 |
|
4 |
|a Γεωγραφία
|x Ανακαλύψεις
|
| 650 |
|
4 |
|a ΗΦΑΙΣΤΕΙΑ
|
| 650 |
|
4 |
|a Οπτικοακουστικά μέσα
|
| 700 |
1 |
|
|a Rosenfeld, Michael
|
| 710 |
0 |
|
|a Home Video Hellas
|
| 710 |
0 |
|
|a National Geographic Society
|
| 830 |
|
0 |
|1 00119578
|1 2001
|a National Geographic Video ;
|v 25
|
| 942 |
|
|
|2 ddc
|
| 971 |
|
|
|a .b26671086
|b 16-04-20
|c 23-09-16
|
| 999 |
|
|
|c 174386
|d 174386
|
| 952 |
|
|
|0 0
|1 0
|2 ddc
|4 0
|6 910_900000000000000_ΗΦΑ
|7 1
|9 299934
|a LISK
|b LISK
|c BSC
|d 2021-01-17
|e 24
|f 0
|g 0.00
|l 0
|o 910.9 ΗΦΑ
|p 92410018760
|r 2021-01-17
|t 1
|w 2021-01-17
|y BKN
|x 20060613 0 0
|x GrPaTEI
|